| 000 | 00484nam a2200181Ia 4500 | ||
|---|---|---|---|
| 008 | 240925s9999 xx 000 0 und d | ||
| 020 | _a9789387486782 | ||
| 082 | _a658.404 VIV | ||
| 100 | _aNot - Available | ||
| 245 | 0 | _aImplementing Organizational Project Management: a practice guide | |
| 250 | _aNA | ||
| 260 |
_aNew Delhi: _bViva Books _c,2018. |
||
| 300 |
_a452p. _b0 _fOriginal |
||
| 500 | _aIncludes Index | ||
| 600 | _aManagement | ||
| 650 | _aManagement | ||
| 942 | _cBK | ||
| 999 |
_c15815 _d15815 |
||